CEDRA climate change and environmental degradation risk and adaptation assessment: a strategic environmental risk assessment process for agencies in developing. (2nd ed.) (Record no. 78111)

MARC details
000 -LEADER
fixed length control field 01288nam a2200217 a 4500
008 - FIXED-LENGTH DATA ELEMENTS--GENERAL INFORMATION
fixed length control field 180809s2012 ||||||||||||||||| || u
050 ## - LIBRARY OF CONGRESS CALL NUMBER
Classification number QC 981.8.C5 Wig
100 ## - MAIN ENTRY--PERSONAL NAME
Personal name Wiggins, Mike
245 10 - TITLE STATEMENT
Title CEDRA climate change and environmental degradation risk and adaptation assessment: a strategic environmental risk assessment process for agencies in developing. (2nd ed.)
Statement of responsibility, etc. By Mike Wiggins
250 ## - EDITION STATEMENT
Edition statement 2nd ed.
260 ## - PUBLICATION, DISTRIBUTION, ETC.
Place of publication, distribution, etc. Teddington, UK:
Name of publisher, distributor, etc. Tearfund
Date of publication, distribution, etc. 2012
300 ## - PHYSICAL DESCRIPTION
Extent 88p.: ill
500 ## - GENERAL NOTE
General note Accompanied by a CD-ROM
650 #0 - SUBJECT ADDED ENTRY--TOPICAL TERM
Topical term or geographic name entry element CLIMATIC CHANGES
650 ## - SUBJECT ADDED ENTRY--TOPICAL TERM
Topical term or geographic name entry element CLIMATIC CHANGES--ENVIRONMENTAL ASPECTS
650 #0 - SUBJECT ADDED ENTRY--TOPICAL TERM
Topical term or geographic name entry element GLOBAL WARMING
995 ## -
-- ANNEX COLLECTION (Main Library)
-- 748500
-- CBU-MAIN LIBRARY (Kitwe)
-- QC 981.8.C5 Wig
-- 6
-- AVAILABLE
-- Aug 21, 2018
-- 748500
-- Annex Low-Usage Collection
995 ## -
-- ANNEX COLLECTION (Main Library)
-- 748502
-- CBU-MAIN LIBRARY (Kitwe)
-- QC 981.8.C5 Wig
-- 8
-- AVAILABLE
-- Aug 21, 2018
-- 748502
-- Annex Low-Usage Collection
995 ## -
-- ANNEX COLLECTION (Main Library)
-- 748499
-- CBU-MAIN LIBRARY (Kitwe)
-- QC 981.8.C5 Wig
-- 5
-- AVAILABLE
-- Aug 21, 2018
-- 748499
-- Annex Low-Usage Collection
995 ## -
-- ANNEX COLLECTION (Main Library)
-- 748501
-- CBU-MAIN LIBRARY (Kitwe)
-- QC 981.8.C5 Wig
-- 7
-- AVAILABLE
-- Aug 21, 2018
-- 748501
-- Annex Low-Usage Collection
999 ## -
-- 78111
-- 78111
Holdings
Withdrawn status Lost status Source of classification or shelving scheme Damaged status Not for loan Permanent Location Current Location Date acquired Full call number Barcode Date last seen Copy number Price effective from Koha item type Shelving location Total Checkouts
Withdrawn         CBU-MAIN LIBRARY, KITWE. CBU-MAIN LIBRARY, KITWE. 05/03/2023 QC 981.8.C5 Wig 748500 05/03/2023 1 05/03/2023 MONOGRAPH    
          CBU-MAIN LIBRARY, KITWE. CBU-MAIN LIBRARY, KITWE. 05/03/2023 QC 981.8.C5 Wig 748502 05/03/2023 2 05/03/2023 MONOGRAPH    
Withdrawn         CBU-MAIN LIBRARY, KITWE. CBU-MAIN LIBRARY, KITWE. 05/03/2023 QC 981.8.C5 Wig 748499 05/03/2023 3 05/03/2023 MONOGRAPH    
          CBU-MAIN LIBRARY, KITWE. CBU-MAIN LIBRARY, KITWE. 05/03/2023 QC 981.8.C5 Wig 748501 05/03/2023 4 05/03/2023 MONOGRAPH